000 00565nam a22001697a 4500
003 NUST
038 _aZafar Iqbal Malik
082 _a200
100 _aRabia Tahir
_9127536
245 _aUnraveling Novel Ferroelectric and Multiferroic Properties in Free-Standing 2D MXene Films for Data Storage
_bTahir, Rabia
264 _aIslamabad
_bSNS NUST
_c2024
300 _a168, p.
_b35 cm.
650 _aPhD-Physics
_9123513
700 _aSupervisor: Dr. Syed Rizwan Hussain
_9127537
856 _uhttp://10.250.8.41:8080/xmlui/handle/123456789/48743
942 _2ddc
_cSC
999 _c612633
_d612633